Rainforest / (Record no. 2547)

MARC details
000 -LEADER
fixed length control field 00862nac a22002651u 4500
010 ## -
-- 2006006774
020 ## - INTERNATIONAL STANDARD BOOK NUMBER
International Standard Book Number 0756619408 (hardcover)
020 ## - INTERNATIONAL STANDARD BOOK NUMBER
International Standard Book Number 9780756619404
035 ## - SYSTEM CONTROL NUMBER
System control number (OCoLC)ocm64510447
082 00 - DEWEY DECIMAL CLASSIFICATION NUMBER
Classification number 578.734
Item number M324
090 ## - LOCALLY ASSIGNED LC-TYPE CALL NUMBER (OCLC); LOCAL CALL NUMBER (OCLC)
-- 2547
-- 2547
100 ## - MAIN ENTRY--PERSONAL NAME
Personal name Marent, Thomas.
245 10 - TITLE STATEMENT
Title Rainforest /
Statement of responsibility, etc Thomas Marent with Ben Morgan.
250 ## - EDITION STATEMENT
Edition statement 1st American ed.
260 ## -
-- New York :
-- DK Pub.,2006
-- 2006.
300 ## - PHYSICAL DESCRIPTION
Extent 360 p. :
Other physical details chiefly col. ill., col. maps ;
Dimensions 31 cm.
336 ## - CONTENT TYPE
Source rdacontent
Content type term text
Content type code txt
337 ## - MEDIA TYPE
Media type term unmediated
Source rdamedia
Media type code n
338 ## - CARRIER TYPE
Carrier type term volume
Carrier type code nc
Source rdacarrier
500 ## - GENERAL NOTE
General note Includes index.
650 #0 - SUBJECT ADDED ENTRY--TOPICAL TERM
Topical term or geographic name as entry element Rain forests.
650 #0 - SUBJECT ADDED ENTRY--TOPICAL TERM
Topical term or geographic name as entry element Rain forests
Form subdivision Pictorial works.
856 41 - ELECTRONIC LOCATION AND ACCESS
Materials specified Table of contents
Uniform Resource Identifier <a href="http://www.loc.gov/catdir/toc/ecip069/2006006774.html">http://www.loc.gov/catdir/toc/ecip069/2006006774.html</a>
942 ## - ADDED ENTRY ELEMENTS (KOHA)
Koha item type NB - Book (Non borrowing)
Call number prefix 578.734 M324
Classification part RDA-MOD
Holdings
Withdrawn status Lost status Damaged status Not for loan Home library Current library Shelving location Date acquired Source of acquisition Total Checkouts Full call number Barcode Date last seen Price effective from Koha item type
        Central Library Central Library First floor 25/02/2007 Purchase   578.734 MAR 000001827 15/07/2025 25/02/2007 NB - Book (Non borrowing)